Amerika und Europa in der Weltwirtschaftspolitik des Zeitabschnitts der Wirtschaftskonferenzen / (Record no. 4777)

MARC details
000 -LEADER
fixed length control field 00931cam a2200265 a 4500
001 - CONTROL NUMBER
control field af 48001919
003 - CONTROL NUMBER IDENTIFIER
control field DLC
005 - DATE AND TIME OF LATEST TRANSACTION
control field 20260227110852.0
008 - FIXED-LENGTH DATA ELEMENTS--GENERAL INFORMATION
fixed length control field 930126m19449999gw 000 0 ger c
010 ## - LIBRARY OF CONGRESS CONTROL NUMBER
LC control number af 48001919
040 ## - CATALOGING SOURCE
Original cataloging agency New York. Public Libr.
Transcribing agency DLC
Modifying agency DLC
043 ## - GEOGRAPHIC AREA CODE
Geographic area code e------
-- n-us---
050 00 - LIBRARY OF CONGRESS CALL NUMBER
Classification number HC240
Item number .T712
082 ## - DEWEY DECIMAL CLASSIFICATION NUMBER
Classification number 330.94
100 1# - MAIN ENTRY--PERSONAL NAME
Personal name Trendelenburg, Ernst,
Dates associated with a name 1882-
245 10 - TITLE STATEMENT
Title Amerika und Europa in der Weltwirtschaftspolitik des Zeitabschnitts der Wirtschaftskonferenzen /
Statement of responsibility, etc. von Ernst Trendelenburg.
250 ## - EDITION STATEMENT
Edition statement 2. Aufl.
260 ## - PUBLICATION, DISTRIBUTION, ETC.
Place of publication, distribution, etc. Berlin :
Name of publisher, distributor, etc. Carl Heymanns Verlag,
Date of publication, distribution, etc. 1944-
300 ## - PHYSICAL DESCRIPTION
Extent v. ;
Dimensions 21 cm.
500 ## - GENERAL NOTE
General note "1. T. Bis zum Dawes-Plan 1924".
561 ## - OWNERSHIP AND CUSTODIAL HISTORY
Institution to which field applies DLC
651 #0 - SUBJECT ADDED ENTRY--GEOGRAPHIC NAME
Geographic name Europe
General subdivision Economic conditions
Chronological subdivision 1918-1945.
651 #0 - SUBJECT ADDED ENTRY--GEOGRAPHIC NAME
Geographic name United States
General subdivision Foreign economic relations
Geographic subdivision Europe.
651 #0 - SUBJECT ADDED ENTRY--GEOGRAPHIC NAME
Geographic name Europe
General subdivision Foreign economic relations
Geographic subdivision United States.

No items available.

Powered by Koha